<?xml version="1.0" encoding="UTF-8"?>
<record
    xmlns:xsi="http://www.w3.org/2001/XMLSchema-instance"
    xsi:schemaLocation="http://www.loc.gov/MARC21/slim http://www.loc.gov/standards/marcxml/schema/MARC21slim.xsd"
    xmlns="http://www.loc.gov/MARC21/slim">

  <leader>01468nam a22002297a 4500</leader>
  <controlfield tag="005">20250617164411.0</controlfield>
  <controlfield tag="008">250215b           ||||| |||| 00| 0 eng d</controlfield>
  <datafield tag="020" ind1=" " ind2=" ">
    <subfield code="a">9788197595127</subfield>
  </datafield>
  <datafield tag="040" ind1=" " ind2=" ">
    <subfield code="c">AL</subfield>
  </datafield>
  <datafield tag="041" ind1=" " ind2=" ">
    <subfield code="a">Konkani</subfield>
  </datafield>
  <datafield tag="082" ind1=" " ind2=" ">
    <subfield code="2">23</subfield>
    <subfield code="a">891.462</subfield>
    <subfield code="b">SEQN</subfield>
  </datafield>
  <datafield tag="100" ind1=" " ind2=" ">
    <subfield code="a">Edward Francis A Sequeira </subfield>
    <subfield code="9">215272</subfield>
  </datafield>
  <datafield tag="100" ind1=" " ind2=" ">
    <subfield code="9">200111</subfield>
    <subfield code="d">&#xC8E;&#xCA1;&#xCCD;&#xCB5;&#xCB0;&#xCCD;&#xCA1;&#xCCD; &#xCAB;&#xCCD;&#xCB0;&#xCBE;&#xCA8;&#xCCD;&#xCB8;&#xCBF;&#xCB8;&#xCCD; &#xC8E; &#xCB8;&#xCBF;&#xC95;&#xCCD;&#xC9F;&#xCC7;&#xCB0;&#xCBE; </subfield>
  </datafield>
  <datafield tag="245" ind1=" " ind2=" ">
    <subfield code="a">Nav Rang : natakaam</subfield>
    <subfield code="b">&#xCA8;&#xCB5;&#xCCD; &#xCB0;&#xC82;&#xC97;&#xCCD; :&#xCA8;&#xCBE;&#xC9F;&#xC95;&#xCBE;&#xC82; </subfield>
  </datafield>
  <datafield tag="260" ind1=" " ind2=" ">
    <subfield code="a">Mangaluru</subfield>
    <subfield code="b">St Aloysius Prakashana</subfield>
    <subfield code="c">2024</subfield>
  </datafield>
  <datafield tag="300" ind1=" " ind2=" ">
    <subfield code="a">159 p.</subfield>
    <subfield code="b">PB</subfield>
    <subfield code="c">21x13 cm.</subfield>
  </datafield>
  <datafield tag="365" ind1=" " ind2=" ">
    <subfield code="b">&#x20B9;200.00</subfield>
    <subfield code="d">&#x20B9;200.00</subfield>
  </datafield>
  <datafield tag="520" ind1=" " ind2=" ">
    <subfield code="a">-:: &#xCAE;&#xCBE;&#xC82;&#xCA1;&#xCBE;&#xCB5;&#xCB3;&#xCCD; ::-
&#xCA8;&#xCBE;&#xC9F;&#xC95;&#xCCD;:
1.&#xC97;&#xCB2;&#xCCD;&#xCAB;&#xCCD; &#xCB8;&#xCB0;&#xCCD;&#xC97;&#xCBE;&#xCB0;&#xCCD; &#xC8F;&#xC95;&#xCCD; &#xCB8;&#xCC1;&#xC95;&#xCCD;&#xCB0;&#xCBE;&#xCB0;&#xCCD;
2.&#xCAA;&#xCB0;&#xCA4;&#xCCD; &#xC8F;&#xC95;&#xCCD; &#xCAA;&#xCBE;&#xCB5;&#xCBF;&#xC82;
3.&#xCB5;&#xCBE;&#xC95;&#xCCD; &#xC8F;&#xC95;&#xCCD; &#xCAA;&#xCBE;&#xCB5;&#xCBF;&#xC82;
&#xC95;&#xCBF;&#xCA3;&#xCCD;&#xCA3;&#xCC1;&#xCB3;&#xCC6;
4.&#xC86;&#xC9F;&#xCCD; &#xC86;&#xCA3;&#xCCD;&#xCAF;&#xCBE;&#xC82;&#xC9A;&#xCBF; &#xCAA;&#xCBE;&#xCB5;&#xCBF;
5.&#xC9C;&#xCC1;&#xCB2;&#xCBF;&#xCAF;&#xCBE;&#xC9A;&#xCCA; &#xC95;&#xCC1;&#xCAE;&#xCBE;&#xCB0;&#xCCD;
6.&#xC87;&#xCB2;&#xCCD;&#xCB2;&#xCCA; &#xCAE;&#xCCB;&#xC97;&#xCCD; &#xC87;&#xCB2;&#xCCD;&#xCB2;&#xCBF; &#xCB2;&#xCA1;&#xCBE;&#xCAF;&#xCCD;
7.&#xC8E;&#xC95;&#xCBE; &#xCB0;&#xCC1;&#xC95;&#xCBE;&#xC9A;&#xCBF; &#xC95;&#xCA5;&#xCBE;
&#xCB2;&#xCC7;&#xC96;&#xCA8;&#xCBE;&#xC82;
8.&#xCAE;&#xC82;&#xC97;&#xCC1;&#xCB0;&#xCBF; &#xC95;&#xCCA;&#xC82;&#xC95;&#xCCD;&#xCB2;&#xCBF; &#xCA8;&#xCBE;&#xC9F;&#xC95;&#xCCD; - &#xCA6;&#xCB6;&#xCBE; &#xC86;&#xCA8;&#xCBF; &#xCA6;&#xCBF;&#xCB6;&#xCBE;
9.&#xC95;&#xCCA;&#xC82;&#xC95;&#xCCD;&#xCB2;&#xCBF; &#xCA8;&#xCBE;&#xC9F;&#xC95;&#xCBE;&#xC82;&#xC9A;&#xCCA; &#xCAE;&#xCC6;&#xCB8;&#xCCD;&#xCA4;&#xCCD;&#xCB0;&#xCBF; &#xC9A;&#xCBE;&#xCAB;&#xCCD;&#xCB0;&#xCBE; &#xCA6;&#xCC6;&#xC95;&#xCCA;&#xCB8;&#xCCD;&#xCA4;&#xCBE;
</subfield>
  </datafield>
  <datafield tag="650" ind1=" " ind2=" ">
    <subfield code="a">Collection of konkani one act plays</subfield>
    <subfield code="9">200112</subfield>
  </datafield>
  <datafield tag="650" ind1=" " ind2=" ">
    <subfield code="a">Yeddi Siker &#xC8E;&#xCA1;&#xCCD;&#xCA1;&#xCBF; &#xCB8;&#xCBF;&#xC95;&#xCC7;&#xCB0;&#xCCD; </subfield>
    <subfield code="9">200123</subfield>
  </datafield>
  <datafield tag="942" ind1=" " ind2=" ">
    <subfield code="2">ddc</subfield>
    <subfield code="c">BK</subfield>
  </datafield>
  <datafield tag="999" ind1=" " ind2=" ">
    <subfield code="c">233804</subfield>
    <subfield code="d">233804</subfield>
  </datafield>
  <datafield tag="952" ind1=" " ind2=" ">
    <subfield code="0">0</subfield>
    <subfield code="1">0</subfield>
    <subfield code="2">ddc</subfield>
    <subfield code="4">0</subfield>
    <subfield code="7">0</subfield>
    <subfield code="8">KON</subfield>
    <subfield code="a">AL</subfield>
    <subfield code="b">AL</subfield>
    <subfield code="d">2025-02-15</subfield>
    <subfield code="g">200.00</subfield>
    <subfield code="l">0</subfield>
    <subfield code="o">891.462 SEQN</subfield>
    <subfield code="p">D06249</subfield>
    <subfield code="r">2025-02-15 00:00:00</subfield>
    <subfield code="v">200.00</subfield>
    <subfield code="w">2025-02-15</subfield>
    <subfield code="y">BK</subfield>
    <subfield code="z">Donated by St Aloysius Prakashana</subfield>
  </datafield>
  <datafield tag="952" ind1=" " ind2=" ">
    <subfield code="0">0</subfield>
    <subfield code="1">0</subfield>
    <subfield code="2">ddc</subfield>
    <subfield code="4">0</subfield>
    <subfield code="7">0</subfield>
    <subfield code="8">KON</subfield>
    <subfield code="a">AL</subfield>
    <subfield code="b">AL</subfield>
    <subfield code="d">2025-02-15</subfield>
    <subfield code="g">200.00</subfield>
    <subfield code="l">0</subfield>
    <subfield code="o">891.462 SEQN</subfield>
    <subfield code="p">D06250</subfield>
    <subfield code="r">2025-02-15 00:00:00</subfield>
    <subfield code="v">200.00</subfield>
    <subfield code="w">2025-02-15</subfield>
    <subfield code="y">BK</subfield>
    <subfield code="z">Donated by St Aloysius Prakashana</subfield>
  </datafield>
  <datafield tag="952" ind1=" " ind2=" ">
    <subfield code="0">0</subfield>
    <subfield code="1">0</subfield>
    <subfield code="2">ddc</subfield>
    <subfield code="4">0</subfield>
    <subfield code="7">0</subfield>
    <subfield code="8">KON</subfield>
    <subfield code="a">AL</subfield>
    <subfield code="b">AL</subfield>
    <subfield code="d">2025-05-20</subfield>
    <subfield code="g">200.00</subfield>
    <subfield code="l">1</subfield>
    <subfield code="o">891.462 SEQN</subfield>
    <subfield code="p">D06299</subfield>
    <subfield code="r">2026-02-16 13:11:28</subfield>
    <subfield code="s">2026-02-06</subfield>
    <subfield code="v">200.00</subfield>
    <subfield code="w">2025-02-15</subfield>
    <subfield code="y">BK</subfield>
    <subfield code="z">Donated by Dr Sylvia Rego</subfield>
  </datafield>
</record>
